[Event "XIII TCh-RUS 1st League"]
[Site "Sochi RUS"]
[Date "2006.04.27"]
[Round "8"]
[White "Petukhov,D"]
[Black "Pushkarev,D"]
[Result "1/2-1/2"]
[WhiteElo "2315"]
[BlackElo "2337"]
[EventDate "2006.04.20"]

1. e4 c5 2. c3 d5 3. exd5 Qxd5 4. d4 Nf6 5. Nf3 Bg4 6. Be2 e6 7. O-O Nc6 8.
h3 Bh5 9. Be3 cxd4 10. cxd4 Be7 11. Nc3 Qd6 12. Qb3 O-O 13. Rfd1 Rfd8 14.
Rac1 Qb4 15. Qxb4 Nxb4 16. g4 Bg6 17. Ne5 Nfd5 18. Nxd5 Nxd5 19. Bf3 Rac8
20. Nxg6 hxg6 21. Rxc8 1/2-1/2

[Event "XIII TCh-RUS 1st League"]
[Site "Sochi RUS"]
[Date "2006.04.27"]
[Round "8"]
[White "Pokazanjev,N"]
[Black "Kosyrev,V"]
[Result "1-0"]
[WhiteElo "2479"]
[BlackElo "2546"]
[EventDate "2006.04.20"]

1. e4 e6 2. d4 d5 3. e5 c5 4. c3 Qb6 5. Nf3 Nc6 6. a3 c4 7. Nbd2 Na5 8. Be2
Bd7 9. O-O Ne7 10. Rb1 Nec6 11. Re1 Be7 12. Qc2 O-O-O 13. Nf1 f5 14. exf6
gxf6 15. Bf4 Rde8 16. Bd1 Bd8 17. Ne3 h5 18. Bg3 Reg8 19. Nh4 f5 20. f4 Bf6
21. Qf2 Qd8 22. Nf1 Rh6 23. Nd2 Rg4 24. Ndf3 Qg8 25. Ng5 Bxg5 26. fxg5 Qxg5
27. Bxg4 hxg4 28. Rf1 Nb3 29. Rbd1 Qd8 30. Qe1 Qg5 31. Bf2 f4 32. g3 Qg7
33. Kh1 f3 34. Qe3 Rh5 35. Rfe1 Ne7 36. Qf4 Ng8 37. Re5 Nf6 38. Be3 Rh7 39.
Rg5 Qf7 40. Qe5 b6 41. Rg6 Rxh4 42. Qxf6 Qxf6 43. Rxf6 Rh5 44. Bf4 e5 45.
dxe5 Bf5 46. h4 gxh3 47. Kh2 Nc5 48. Rf1 Be4 49. e6 Rh8 50. e7 Re8 51. Rc6+
Kd7 52. Rc7+ Ke6 53. Rxa7 Nd3 54. Be3 Ne5 55. Bd4 Bd3 56. Rf2 Ng4+ 57. Kxh3
Nxf2+ 58. Bxf2 b5 59. Bc5 f2 60. Bxf2 Rxe7 61. Ra6+ Kf5 62. g4+ Ke4 63. Kg3
Be2 64. Bd4 Kd3 65. g5 Bh5 66. g6 Re2 67. g7 Bf7 68. Rf6 Bg8 69. Rf8 Be6
70. Kf4 Rxb2 71. Ke5 Re2+ 72. Kf6 1-0

[Event "XIII TCh-RUS 1st League"]
[Site "Sochi RUS"]
[Date "2006.04.27"]
[Round "8"]
[White "Kazhgaleyev,M"]
[Black "Nevostrujev,V"]
[Result "1-0"]
[WhiteElo "2600"]
[BlackElo "2471"]
[EventDate "2006.04.20"]

1. d4 Nf6 2. c4 g6 3. Nc3 Bg7 4. e4 d6 5. h3 O-O 6. Bg5 a6 7. Nf3 c5 8.
dxc5 dxc5 9. Qxd8 Rxd8 10. e5 Nfd7 11. Nd5 Nxe5 12. O-O-O Nbc6 13. Nxe7+
Kf8 14. Nd5 Nxf3 15. Bxd8 Nxd8 16. gxf3 Nc6 17. h4 Nd4 18. Bh3 Be6 19. Bxe6
fxe6 20. Nb6 Rd8 21. h5 g5 22. Kb1 Ke7 23. Rhg1 Bf6 24. Rge1 Rf8 25. f4
gxf4 26. Nd5+ Kf7 27. Nxf4 b5 28. cxb5 axb5 29. Nd3 Rc8 30. Rc1 Nf3 31. Re3
Nd2+ 32. Kc2 Nc4 33. Re4 Nd6 34. Re2 Nf5 35. Kb1 c4 36. Ne5+ Ke7 37. Rd1
Rc7 38. Ng4 Rc5 39. Red2 Kf7 40. Rd7+ Be7 41. Rb7 e5 42. Rdd7 Ke6 43. Ne3
Bg5 44. Nxf5 Kxf5 45. Rbc7 Rxc7 46. Rxc7 h6 47. Rb7 Bh4 48. f3 Kf4 49. Rxb5
Bf2 50. Kc2 Bd4 51. Rb4 Kxf3 52. Rxc4 1-0

[Event "XIII TCh-RUS 1st League"]
[Site "Sochi RUS"]
[Date "2006.04.27"]
[Round "8"]
[White "Skorchenko,D"]
[Black "Isupov,Vl"]
[Result "1/2-1/2"]
[WhiteElo "2473"]
[BlackElo "2421"]
[EventDate "2006.04.20"]

1. e4 c5 2. Nf3 d6 3. d4 cxd4 4. Nxd4 Nf6 5. Nc3 a6 6. Bc4 e6 7. Bb3 Nbd7
8. Bg5 Nc5 9. f4 Be7 10. Qf3 h6 11. Bxf6 Bxf6 12. O-O-O Qb6 13. Na4 Qc7 14.
Nxc5 dxc5 15. e5 Be7 16. Ba4+ Kf8 17. Ne2 1/2-1/2

[Event "XIII TCh-RUS 1st League"]
[Site "Sochi RUS"]
[Date "2006.04.27"]
[Round "8"]
[White "Shuraev,A"]
[Black "Danin,A"]
[Result "1/2-1/2"]
[WhiteElo "2390"]
[BlackElo "2432"]
[EventDate "2006.04.20"]

1. c4 Nf6 2. Nc3 d5 3. cxd5 Nxd5 4. g3 e5 5. Bg2 Nb6 6. Nf3 Nc6 7. O-O Be7
8. d3 O-O 9. a3 Be6 10. b4 a5 11. b5 Nd4 12. Rb1 f6 13. Nd2 Bd5 14. Nxd5
Nxd5 15. Ne4 f5 16. e3 fxe4 17. exd4 exd4 18. dxe4 Nc3 19. Qb3+ Kh8 20. Ra1
a4 21. Qc4 Qd7 22. e5 Qxb5 23. Qxc7 Bc5 24. Bd2 Rae8 25. Qxb7 Qxb7 26. Bxb7
Rxe5 27. Rfe1 Rxe1+ 28. Bxe1 Rb8 29. Bc6 Rb2 30. Kg2 Rc2 31. Bxc3 dxc3 32.
Bxa4 Rxf2+ 33. Kh3 g6 34. Rc1 Bd4 35. Rc2 Rf1 36. Bb5 Ra1 37. a4 Kg7 38.
Kg4 Kf6 39. Kf4 Re1 40. Be2 Ra1 41. Bb5 Be5+ 42. Ke3 Ke6 43. Ra2 Bd4+ 44.
Kd3 Rd1+ 45. Ke4 Bb6 46. Bd3 Re1+ 47. Be2 Rb1 48. Bd3 Rb4+ 49. Kf3 Ba5 50.
Re2+ 1/2-1/2

[Event "XIII TCh-RUS 1st League"]
[Site "Sochi RUS"]
[Date "2006.04.27"]
[Round "8"]
[White "Solovjov,S"]
[Black "Siuniakov,I"]
[Result "1-0"]
[WhiteElo "2457"]
[BlackElo "2305"]
[EventDate "2006.04.20"]

1. e4 c5 2. Nf3 d6 3. d4 Nf6 4. Nc3 cxd4 5. Nxd4 a6 6. Be3 e6 7. g4 h6 8.
f3 Nbd7 9. Qd2 b5 10. O-O-O Bb7 11. h4 b4 12. Na4 Qa5 13. b3 Nc5 14. a3 Rc8
15. axb4 Nxb3+ 16. Nxb3 Qxa4 17. Kb2 d5 18. c3 dxe4 19. Na5 Nd5 20. Ra1 Qd7
21. Nxb7 Rxc3 22. Nc5 Bxc5 23. Bxc5 Rxc5 24. bxc5 O-O 25. fxe4 Qb7+ 26. Kc1
Rc8 27. Ra5 Nb4 28. Rh3 Qxe4 29. Bg2 Qxg4 30. Rc3 Qxh4 31. c6 Rd8 32. Qxd8+
Qxd8 33. c7 Qc8 34. Bb7 Qxb7 35. c8=Q+ Qxc8 36. Rxc8+ Kh7 37. Rc7 Kg6 38.
Ra3 f5 39. Rg3+ Kf6 40. Rcxg7 Nd3+ 41. Kd2 Nf4 42. Rh7 h5 43. Rh6+ Ke5 44.
Ra3 Ke4 45. Rxa6 Kf3 46. Ra4 e5 47. Ra5 Ke4 48. Rb6 Nd5 49. Rbb5 1-0

[Event "XIII TCh-RUS 1st League"]
[Site "Sochi RUS"]
[Date "2006.04.27"]
[Round "8"]
[White "Lastin,A"]
[Black "Burmakin,V"]
[Result "1-0"]
[WhiteElo "2610"]
[BlackElo "2541"]
[EventDate "2006.04.20"]

1. e4 c6 2. d4 d5 3. e5 Bf5 4. Nf3 e6 5. Be2 Nd7 6. O-O h6 7. Nbd2 Be7 8.
Nb3 Qc7 9. Bd2 Bh7 10. Rc1 a5 11. a4 Bd8 12. Ne1 Ne7 13. Bd3 O-O 14. Bxh7+
Kxh7 15. Nd3 Nf5 16. Qe2 Qb6 17. Bc3 Be7 18. g4 Nh4 19. f4 Qd8 20. Be1 Ng6
21. f5 Nh8 22. Bg3 b6 23. Nd2 Bg5 24. Rce1 c5 25. c3 cxd4 26. cxd4 Rc8 27.
Nf3 Be7 28. Nf4 Rc6 29. Qd3 Kg8 30. h4 Re8 31. Re2 Nf8 32. Nh5 exf5 33.
gxf5 g6 34. Nf4 gxf5 35. h5 Ne6 36. Qxf5 Ng7 37. Qd3 Bg5 38. Rg2 Qd7 39. e6
Nxe6 40. Ne5 Qd6 41. Nxe6 Rxe6 42. Nxc6 Qxc6 43. Bf4 f6 44. Qf5 Qe8 45.
Qxd5 Nf7 46. Qf5 Nd6 47. Qd3 Ne4 48. d5 Re7 49. d6 1-0

[Event "XIII TCh-RUS 1st League"]
[Site "Sochi RUS"]
[Date "2006.04.27"]
[Round "8"]
[White "Ovetchkin,R"]
[Black "Tseshkovsky,V"]
[Result "0-1"]
[WhiteElo "2548"]
[BlackElo "2572"]
[EventDate "2006.04.20"]

1. e4 c5 2. Nf3 d6 3. d4 cxd4 4. Nxd4 Nf6 5. Nc3 Bd7 6. f3 e5 7. Nb3 Bc6 8.
Be3 Be7 9. Qd2 O-O 10. O-O-O a5 11. a4 Na6 12. Qf2 Qe8 13. Bb5 Nc7 14. Bxc6
bxc6 15. Bb6 Ne6 16. Nxa5 d5 17. Nxc6 d4 18. Nd5 Bd6 19. Nxf6+ gxf6 20.
Qg3+ Kh8 21. Nxd4 Qxa4 22. Nxe6 fxe6 23. Bd4 Bb4 24. b3 Qa5 25. Bb2 Bc3 0-1

[Event "XIII TCh-RUS 1st League"]
[Site "Sochi RUS"]
[Date "2006.04.27"]
[Round "8"]
[White "Lysyj,I"]
[Black "Babiy,A"]
[Result "1-0"]
[WhiteElo "2527"]
[BlackElo "2474"]
[EventDate "2006.04.20"]

1. d4 Nf6 2. c4 e6 3. Nf3 b6 4. Bf4 Bb7 5. e3 Bb4+ 6. Nfd2 O-O 7. a3 Be7 8.
Nc3 d5 9. cxd5 exd5 10. Be2 c5 11. Nf3 Na6 12. O-O Nc7 13. dxc5 bxc5 14.
Qb3 Qc8 15. Rfd1 Rd8 16. Rac1 Rb8 17. Qa4 Ra8 18. Qa5 Ne6 19. Be5 Qc6 20.
Na4 c4 21. Nd4 Nxd4 22. Bxd4 Ne4 23. Nc3 Ng5 24. Rd2 h6 25. Rcd1 Rd6 26.
Qb5 Qc8 27. Be5 Rb6 28. Nxd5 Re6 29. Nxe7+ Rxe7 30. Bd6 Re4 31. Bg3 Bc6 32.
Rd8+ Qxd8 33. Rxd8+ Rxd8 34. Qxc6 Rd2 35. h4 Rxe2 36. hxg5 Re6 37. Qxc4
Rxb2 38. Bf4 hxg5 39. Bxg5 a6 40. g3 Rb5 41. Bf4 Rbb6 42. Kg2 Rec6 43. Qd5
Rc8 44. g4 Rg6 45. Kf3 Rc3 46. a4 Ra3 47. Qc4 Ra1 48. g5 Re6 49. e4 Rg1 50.
Be3 Rh1 51. Qc8+ Kh7 52. Qf8 Kg6 53. Bd4 Rh3+ 54. Kg2 Rh7 55. f3 Rc6 56.
Kg3 Re6 57. Kg4 a5 58. f4 1-0

[Event "XIII TCh-RUS 1st League"]
[Site "Sochi RUS"]
[Date "2006.04.27"]
[Round "8"]
[White "Batsanin,D"]
[Black "Vokarev,S"]
[Result "0-1"]
[WhiteElo "2441"]
[BlackElo "2489"]
[EventDate "2006.04.20"]

1. e4 e5 2. Nf3 Nc6 3. Bb5 a6 4. Bxc6 dxc6 5. Nc3 f6 6. d4 exd4 7. Nxd4 c5
8. Nde2 Qxd1+ 9. Nxd1 Be6 10. Bf4 O-O-O 11. Ne3 Ne7 12. Rd1 Rxd1+ 13. Kxd1
g5 14. Bg3 f5 15. Be5 Rg8 16. Nc3 g4 17. Re1 fxe4 18. Nxe4 Nc6 19. Bf6 Rg6
20. Bh4 Nd4 21. c3 Nc6 22. b3 Rh6 23. Bg3 Be7 24. f4 gxf3 25. gxf3 b6 26.
f4 Bd8 27. f5 Bf7 28. Rf1 Be7 29. Kd2 Rh5 30. Ke2 Nb8 31. Ng4 Nd7 32. Ke3
b5 33. Kf4 a5 34. Rd1 c4 35. bxc4 bxc4 36. f6 Bf8 37. Ng5 Bg6 38. Ne6 Bd6+
39. Ke3 Bxg3 40. hxg3 Nxf6 41. Rd8+ Kb7 42. Nxf6 Re5+ 43. Kd4 Rxe6 44. Nd5
Kc6 45. Kxc4 Re2 46. a3 Bf7 47. Kd3 Rg2 48. Nf4 Rxg3+ 49. Kd4 Rg8 50. Rxg8
Bxg8 51. c4 Bf7 52. Nd3 Kd6 53. c5+ Ke6 54. Ne5 h5 55. Ke4 Be8 56. Nc4 a4
57. Ne3 Bb5 58. Kf4 Kd7 59. Ke5 Kc6 60. Kd4 h4 61. Ng4 h3 62. Ne5+ Kb7 63.
Nf3 Be2 64. Nh2 Kc6 65. Ke3 Bh5 66. Kd4 Kd7 67. Kd5 Be2 68. Ke5 Ke7 69. Kf5
Kf7 70. Ke5 Ke7 71. Kf5 Kd7 72. Ke5 Kc6 73. Kd4 Kb5 74. Ke3 Kxc5 75. Kxe2
Kc4 76. Kd2 Kb3 77. Nf3 c5 78. Nh2 c4 79. Kd1 c3 80. Nf3 Kxa3 81. Kc2 Kb4
82. Ne5 h2 0-1

[Event "XIII TCh-RUS 1st League"]
[Site "Sochi RUS"]
[Date "2006.04.27"]
[Round "8"]
[White "Belikov,V"]
[Black "Belozerov,A"]
[Result "1/2-1/2"]
[WhiteElo "2552"]
[BlackElo "2538"]
[EventDate "2006.04.20"]

1. d4 Nf6 2. Nf3 e6 3. e3 b6 4. Bd3 Bb7 5. O-O Be7 6. c4 O-O 7. Nc3 d5 8.
cxd5 exd5 9. b3 Nbd7 10. Bb2 a6 11. Ne5 c5 12. a4 Bd6 13. f4 Re8 14. Qf3
Nf8 15. Rad1 cxd4 16. exd4 Bb4 17. Na2 1/2-1/2

[Event "XIII TCh-RUS 1st League"]
[Site "Sochi RUS"]
[Date "2006.04.27"]
[Round "8"]
[White "Chuprikov,D"]
[Black "Shkurikhin,I"]
[Result "0-1"]
[WhiteElo "2377"]
[BlackElo "2279"]
[EventDate "2006.04.20"]

1. d4 Nf6 2. c4 c5 3. d5 e6 4. Nc3 exd5 5. cxd5 d6 6. e4 g6 7. Bg5 Bg7 8.
Nf3 h6 9. Bh4 a6 10. Nd2 b5 11. Be2 O-O 12. Qc2 Nbd7 13. O-O Re8 14. Rfe1
c4 15. a4 Rb8 16. axb5 axb5 17. f3 Nc5 18. Rab1 Qc7 19. Bf2 Nfd7 20. Na2
Ne5 21. Nc1 g5 22. b4 Na4 23. Na2 Bd7 24. Rbc1 Ra8 25. Kh1 Nb2 26. Nc3 Nbd3
27. Bg1 Nxe1 28. Rxe1 Nd3 29. Rb1 Ra3 30. Nd1 Rea8 31. Ne3 Nf4 32. Bf1 Qc8
33. Rd1 Ra2 34. Qc1 Nd3 35. Bxd3 cxd3 36. Qb1 Qc3 37. Ndf1 d2 0-1

[Event "XIII TCh-RUS 1st League"]
[Site "Sochi RUS"]
[Date "2006.04.27"]
[Round "8"]
[White "Davidov,R"]
[Black "Provotorov,I"]
[Result "1/2-1/2"]
[WhiteElo "2267"]
[BlackElo "2333"]
[EventDate "2006.04.20"]

1. Nf3 Nf6 2. c4 c5 3. Nc3 Nc6 4. d4 cxd4 5. Nxd4 e6 6. g3 d5 7. Bg2 Bc5 8.
Nb3 Bb4 9. cxd5 Nxd5 10. Bd2 Nxc3 11. Bxc3 Bxc3+ 12. bxc3 Qc7 13. O-O O-O
14. c4 Rd8 15. Qc2 Bd7 16. Qc3 Rac8 17. c5 e5 18. Rfd1 Be6 19. e3 f6 20.
Rac1 Rxd1+ 21. Rxd1 Rd8 22. Rd3 a5 23. a3 a4 24. Nd2 Na5 25. Rxd8+ Qxd8 26.
Qb4 Nb3 27. Nf1 Qe7 28. Qxa4 Nxc5 29. Qb4 Kf7 30. h4 g6 31. Nd2 Qc7 32. Nc4
Nd3 33. Qxb7 Qxb7 34. Nd6+ Ke7 35. Nxb7 Bc8 36. Be4 Nb2 37. Na5 Kd6 38. Nb3
Nc4 39. a4 Bd7 40. a5 Ba4 41. Nc1 Nxa5 42. g4 Bd7 43. g5 f5 44. Bf3 Nc4 45.
Kh2 Nd2 46. Kg3 Bb5 47. Na2 Kc5 48. Nc3 Bc4 49. Bb7 e4 50. Kf4 Kd6 51. h5
Nb3 52. Bc8 Nc5 53. Bxf5 gxf5 54. Kxf5 Ke7 55. Ke5 Bf7 56. g6 hxg6 57. hxg6
Bxg6 58. Kd5 1/2-1/2